Statistics for Countries in Asia that use the Latin script

Click here to take the quiz!

General Stats

  • This quiz has been taken 52 times
  • The average score is 12 of 15

Answer Stats

Answer% Correct
Indonesia
88%
Philippines
88%
Singapore
88%
Malaysia
86%
Turkey
86%
East Timor
82%
India
78%
Uzbekistan
78%
Pakistan
76%
Brunei
73%
Kazakhstan
73%
Turkmenistan
73%
Vietnam
73%
Azerbaijan
71%
Cyprus
61%

Score Distribution

Percentile by Number Answered

Percent of People with Each Score

Your Score History

You have not taken this quiz